000 00307nam a22001097a 4500
008 160512b xxu||||| |||| 00| 0 eng d
020 _a9786084577348
041 _aeng
080 _a612.39
245 _aMbeturinat e minierave / Karakterizim, trajtim, ndikime natyrore:
_cBernd G. Lottermose;
942 _2udc
_cBK
999 _c2110
_d2110